| 000 | 00727cam a2200205 4500 | ||
|---|---|---|---|
| 001 | 1882 | ||
| 005 | 20181127164141.0 | ||
| 008 | 720717r1972 nyua i 001 0 eng | ||
| 010 | _a 72187093 | ||
| 035 | _9(DLC) 72187093 | ||
| 110 | 2 | _aTime-Life Books. | |
| 245 | 1 | 2 |
_aA guide to the natural world, and Index to the Life nature library, _cby the editors of Time-Life Books. |
| 260 |
_aNew York : _c1972, _bTime-Life Books. |
||
| 300 |
_a210 p. _billus. (part col.) _c28 cm. |
||
| 440 | 0 | _aLife nature library | |
| 500 | _aPrevious ed. by the editors of Life. | ||
| 630 | 0 | 0 |
_aLife nature library _vIndexes. |
| 650 | 0 |
_aNatural history _vHandbooks, manuals, etc. |
|
| 730 | 0 |
_aLife (Chicago, Ill.). _tGuide to the natural world. |
|
| 999 |
_c1443 _d1443 |
||